000 00586nam a2200181 i 4500
001 83025
003 ES-MaACL
005 20230906174751.0
007 t|
008 041115s1976 sp s ||||1| spa d
020 _a84-260-0427-X
245 0 0 _aEncuesta sobre actividades deportivas
_b: enero-marzo de 1974 /
_cInstituto Nacional de Estadística.
260 _a[Madrid :
_bs.n.,
_c1976]
300 _a50 p. ;
_c27 cm.
650 4 _aDeportes-
_zEspaña-
_vEstadísticas.
_9166775
710 2 _aInstituto Nacional de Estadística (España)
_95162
852 _aES-MaACL
_j2339-F-28
_bR.94482
999 _c83025
_d83025